| 000 | 00857nam a2200229 a 4500 | ||
|---|---|---|---|
| 001 | 000045581 | ||
| 005 | 20240412074304.0 | ||
| 008 | 091105s2003 dr 001 j spa d | ||
| 020 | _z9993488984 | ||
| 040 |
_aDO-SdBNP _bspa _cBNPHU |
||
| 082 |
_axxxx _bS237c |
||
| 100 | 1 |
_aSantos García, Eladio de los , _d1973- _928675 |
|
| 245 | 1 | 0 |
_aCatarsis del tiempo / _cEladio de los Santos García ; prólogo Joseph Mendoza. |
| 260 |
_aSanto Domingo : _bEdiciones Angeles de Fierro, _c2003. |
||
| 300 |
_a104 p. ; _c20 cm. |
||
| 500 | _aIncluye datos biográficos del autor en la solapa de la cubierta. | ||
| 590 | _aPerteneció a la biblioteca personal de Erick Landestoy. | ||
| 600 | 1 | 0 |
_aSantos García, Eladio de los , _d1973- _928675 |
| 650 | 0 |
_aCuentos dominicanos _9176 |
|
| 650 | 0 |
_aLiteratura dominicana. _967 |
|
| 700 | 1 |
_aMendoza, Joseph, _epról. _9810 |
|
| 999 |
_c45070 _d45070 |
||